Verbal input for second language acquistion in a shared code context /
محفوظ في:
| المؤلف الرئيسي: | |
|---|---|
| التنسيق: | أطروحة كتاب |
| اللغة: | English |
| منشور في: |
2003.
|
| الموضوعات: | |
| الوسوم: |
إضافة وسم
لا توجد وسوم, كن أول من يضع وسما على هذه التسجيلة!
|
| LEADER | 01031cam a2200277 a 4500 | ||
|---|---|---|---|
| 001 | u515552 | ||
| 003 | SIRSI | ||
| 008 | 030808s2003 my v 00 1 eng m | ||
| 035 | |a ACY-8131 | ||
| 040 | |a UMM |d UMB | ||
| 090 | |a P115.3 |b Lim | ||
| 093 | |a P115.3 |b Lim | ||
| 100 | 1 | 0 | |a Lim, Soh Lan. |
| 245 | 1 | 0 | |a Verbal input for second language acquistion in a shared code context / |c Lim Soh Lan. |
| 260 | |c 2003. | ||
| 300 | |a xx, 324 leaves : |b ill. ; |c 30 cm. | ||
| 502 | |a Thesis (Ph.D.) -- Fakulti Bahasa dan Linguistik, Universiti Malaya, 2003. | ||
| 504 | |a Bibliography: leaves 275-282. | ||
| 650 | 0 | |a Second language acquisition. | |
| 650 | 0 | |a Code switching (Linguistics) | |
| 650 | 0 | |a Bilingualism. | |
| 710 | 2 | 0 | |a Universiti Malaya. |b Fakulti Bahasa dan Linguistik. |
| 948 | |a 08/08/2003 |b 20/02/2004 | ||
| 596 | |a 1 6 | ||
| 999 | |a P115.3 LIM |w LC |c 1 |i A511140688 |d 3/5/2014 |e 3/5/2014 |l STACKS |m P01UTAMA |n 5 |r Y |s Y |t TESIS |u 5/3/2004 | ||
| 999 | |a P115.3 LIM |w LC |c 1 |i A511747176 |d 24/5/2005 |f 24/5/2005 |g 1 |l STACKS |m P06BAHASA |r Y |s Y |t TESIS |u 19/5/2005 | ||
